000 00619nam a2200229Ia 4500
003 OSt
005 20220918204308.0
006 a|||||r|||| 00| 0
007 ta
008 220917b |||||||| |||| 00| 0 eng d
024 _a111,915
037 _cTextual
040 _aARTS
_cARTS
_beng
041 _2eng
_aeng
082 _aV53:1905:M4, L3
100 _aJennings L C
_9111408
245 0 _aFrance and Europe in 1848
_b study of French foreign affairs in time of crisis
260 _c1973
650 _aHISTORY
942 _hV53:1905:M4, L3
_cTEXL
_2CC
999 _c235264
_d235264